000 01101nam a2200229 i 4500
001 113180
003 ES-MaACL
005 20230906185803.0
007 t|
008 061121s1945 sp r ||||1| spa d
100 1 _aMuzquiz de Miguel, José Luis.
_984743
245 1 3 _aEl Conde de Chinchón, Virrey de Perú /
_cJosé Luis Muzquiz de Miguel.
260 _aMadrid :
_bConsejo Superior de Investigaciones Científicas. Escuela de Estudios Hispano-Americanos,
_c1945.
300 _a334 p., XVI lám. ;
_c22 cm.
490 1 _aPublicaciones de la Escuela de Estudios Hispano- Americanos de la Universidad de Sevilla ;
_v18. Serie 2ª, Monografías ; n. 5
600 1 4 _aFernández de Cabrera, Luis Jerónimo
_cConde de Chinchón.
_9170132
651 4 _aPerú-
_xHistoria-
_y1548-1820, Epoca colonial.
_99225
710 2 _aEscuela de Estudios Hispano-Americanos (Sevilla)
_9134366
830 0 _aPublicaciones de la Escuela de Estudios Hispano- Americanos de la Universidad de Sevilla ;
_v18. Serie 2ª, Monografías ; n. 5
_9186433
852 _aES-MaACL
_jB-10762
_bR.22136
999 _c113180
_d113180